Gömör vasárnaponként megjelenő politikai és társadalmi hetilap

Bibliographic Details
Other Authors: Márkus, László (Publishing director, Iso), Rábeľ, Karol (Printer, Iso)
Format: Newspaper
Language:Hungarian
PhysicalDescription:18 zv. 41-47 cm
Published: Rimavská Sobota Károly Rábely 1921-1938
Subjects:

MARC

LEADER 00000cas a2200000 a 4500
001 vtls010298986
003 SK-MaSNL
005 20260228162632.0
008 110809d19211938xo wr|ne 0 b0hun
040 |a SNK  |b slo  |c SNK  |e AACR2 
041 0 |a hun 
044 |a xo  |c SK 
072 7 |a 316.7  |x Sociológia kultúry. Kultúrny život  |2 konspekt 
080 |a 316.728  |2 2011 
080 |a 050  |2 2001 
080 |a (051)+(054)(437.6)  |2 2011 
245 0 0 |a Gömör  |b vasárnaponként megjelenő politikai és társadalmi hetilap 
260 |a Rimavská Sobota  |b Károly Rábely  |c 1921-1938 
300 |a 18 zv.  |c 41-47 cm 
310 |a 1x týždenne 
362 0 |a Roč. I, č. 1 (14.8.1921)-roč. XVIII, č. 44 (30.10.1938) 
500 |a Zmena podnázvu: od 31/1934 vasárnaponként megjelenő társadalmi és közgazdasági hetilap ; od 1/1935 vasárnaponként megjelenő független politikai és társadalmi lap ; od 19/1936 rimaszombati járási magyar közmüvelődési választmány hivatalos közlönye 
500 |a Tlač.: Id. Miklós Rábely Fia könyvnyomdája ; od 37/1922 Károly Rábely könyvnyomdája 
500 |a Od 20. sept. 1934 bol Krajským úradom v Bratislave podľa výmeru čís. prez. 43827/1934 zo dňa 20. sept. 1934 na 6 mesiacov zastavený 
500 |a Od 1/1925 rozmer zv. 47 cm 
500 |a Hlav. red.: od 11/1927 László Márkus 
500 |a Zodp. red.: László Márkus ; od 43/1922 Károly Rábely 
650 0 7 |a spoločenský život  |2 SNKPH  |9 28654 
655 7 |a regionálne periodiká  |2 SNKPH  |9 131775 
700 1 |a Márkus, László  |4 pbd  |4 Iso  |9 271662 
700 1 |a Rábeľ, Karol  |4 Iso  |4 pbl  |4 prt  |9 271663 
910 |a snk 
999 |c 8129  |d 10059 
952 |0 0  |1 0  |4 0  |7 0  |a SNK  |b SNK  |d 2002-04-18  |l 0  |o snkČSA 93/18/1938  |p 17A0339820  |r 2005-01-02 00:00:00  |w 2026-02-21  |y PREZ